000
00329nam a22001337a 4500
008
170526b xxu||||| |||| 00| 0 eng d
020
_a
1894038231
041
_a
eng
080
_a
621(075.8)
100
_a
25
101
_a
IM
245
_a
PRACTICAL HANDBBOOK OF STAINLESS STEELS &NICKEL ALLOYES
_c
BRINGAS,J.E
942
_2
udc
_c
BK
999
_c
14453
_d
14453